01641 a2200169 4500003000500000005001700005020001500022040000900037082001600046100001500062245008600077260003900163300000900202505122300211600001501434650002201449Nust20221223115454.0 a8122403379 cNust a621.388,GUL aGulati R.R aModern Television Practice :bprinciples, technology and servicing /cR.R Gulati  aIndiabWiley Eastern Limitedc1991 a673p aIntroduction to Television (Page-1), Television Pictures (Page-10), Television Cameras (Page-23), Picture Tubes (Page-38), Composite Video Signal (Page-60), Colour Signal Generation and Encoding (Page-74), Television Signal Transmission and Propagation (Page-92), Television Systems and Standards (Page-120), Monochrome Television Receiver (Page-139), Pal-D Colour Receiver (Page-162), Television Receiver Tuners(Page-188), Vision if Subsystem(Page-211), Receiver Sound System (Page-238), Video Amplifiers and Luminance (Page-265), Colour Signal Decoding and Matrixing (Page-299), Sync Separation AFC Deflection (Page-332), Frame Deflection Circuits (Page-369), Line Deflection Circuit(Page-387),Television Receiver Power Supplies (Page-400), Receiver Antenna and Transmission Lines (Page-421), Receiver Circuits Components and Trouble Shooting (Page-453), Receiver Alignment and Servicing (Page-479), B&W Receiver Circuit and Aigment (Page-513), Monochrome Reviver Servicing (Page-530), Colour Receiver Types (Page-551), Cable Television (Page-565), Satellite Television (Page-580), Video-Tape Recording and Playback (Page-596), Teletext and Video Games (Page-626), Advances in Television Technology (Page-644).  aR R Gulati aModern Television